000 01221cam a2200289 i 4500
003 SA-RiAUC
005 20251111073214.0
008 251007s1997 ku g b 00100cara c
040 _aSA-JeALM
_bara
_cSA-RiAUC
_erda
082 0 4 _a953
_qSA-RiAUC
090 _a953
_b ج ر ا
100 1 _aالجراعي، أبو بكر بن زيد بن أبي بكر،
_d825-883 هجري
_eمؤلف.
245 1 2 _aالأوائل /
_cتصنيف أبي بكر بن زيد الجراعي الحنبلي ؛ تحقيق وتعليق وتخريج هيا محمد الدوسري.
250 _aالطبعة الأولى.
264 1 _aالكويت :
_bدار ابن النديم للنشر والتوزيع،
_c1997
300 _a290 صفحة ؛
_c24 سم
336 _aنص
_btxt
_2rdacontent
_3كتاب
337 _aبدون وسيط
_bn
_2rdamedia
504 _aببليوجرافية : صفحة 279-288.
650 7 _aالتاريخ الإسلامي
_2aucsh
650 7 _aالمسلمون
_vتراجم
_2aucsh
650 7 _aالمعرفة
_2aucsh
650 7 _aالثقافة الإسلامية
_2aucsh
700 1 _aالدوسري، هيا محمد
_eمحقق.
942 _2ddc
_cBOOK
_n0
949 _aSA-JeALM
_d251007
_uosman123
_n1
999 _c13164
_d13164